Xây dựng thương hiệu cho trái cây Việt Nam
Nội dung tài liệu trình bày cơ sở lý luận và thực tiễn về xây dựng và phát triển thương hiệu trái cây Việt Nam
Tallennettuna:
| Päätekijä: | |
|---|---|
| Aineistotyyppi: | Kirja |
| Kieli: | Undetermined |
| Julkaistu: |
Hà Nội
Nông nghiệp
2016
|
| Aiheet: | |
| Tagit: |
Lisää tagi
Ei tageja, Lisää ensimmäinen tagi!
|
| Thư viện lưu trữ: | Trung tâm Học liệu Trường Đại học Cần Thơ |
|---|
| LEADER | 00878nam a2200217Ia 4500 | ||
|---|---|---|---|
| 001 | CTU_216068 | ||
| 008 | 210402s9999 xx 000 0 und d | ||
| 020 | |c 35000 | ||
| 082 | |a 658.827 | ||
| 082 | |b L600 | ||
| 100 | |a Trần, Đình Lý | ||
| 245 | 0 | |a Xây dựng thương hiệu cho trái cây Việt Nam | |
| 245 | 0 | |c Trần Đình Lý (chủ biên), Hoàng Hữu Hòa, Lê Anh Tuấn | |
| 260 | |a Hà Nội | ||
| 260 | |b Nông nghiệp | ||
| 260 | |c 2016 | ||
| 520 | |a Nội dung tài liệu trình bày cơ sở lý luận và thực tiễn về xây dựng và phát triển thương hiệu trái cây Việt Nam | ||
| 650 | |a Xây dựng thương hiệu (tiếp thị) | ||
| 650 | |x Branding (Marketing) | ||
| 904 | |i Bằng | ||
| 980 | |a Trung tâm Học liệu Trường Đại học Cần Thơ | ||